| 000 | 00545nam a22001697a 4500 | ||
|---|---|---|---|
| 010 | _aENG-139466 | ||
| 020 |
_a9789387102965 _c135.00 |
||
| 035 | _aEN-122998 | ||
| 037 | _bDBAD/PUB | ||
| 082 | _a658.01 | ||
| 100 |
_aGayathri,S.B _962546 |
||
| 245 |
_aBusiness Environment and Strategy Policies/ _cby S.B. Gayathri |
||
| 260 |
_aTamil Nadu _bShanlax Publications _c2018 |
||
| 270 |
_a61,66 T.P.K. Main Road Vasantha Nagar Madurai, _bTamil Nadu _e625003 |
||
| 300 |
_a56p.: _bill. _c22cm(Pbk) |
||
| 942 |
_2ddc _cEN _h658.01 _mGAY |
||
| 999 |
_c201083 _d201083 |
||